000 00613nam a2200217 i 4500
001 C2-0242029
003 PPAK
005 20180727204138.0
008 020829s1984 xx |||| ||||| | may d
040 _aPPAK
_beng
_cPPAK
_erda
082 0 4 _a324.22
_223
090 0 0 _a324.22
_bPEM
_dKSI
245 0 0 _aPembukaan rasmi pameran kepimpinan melalui teladan
264 1 _bJaya Utara Printings & Stationery Sdn. bhd. ,
_c1984
300 _a[8 pages] ;
_c18 cm
336 _2rdacontent
_atext
337 _2rdamedia
_aunmediated
338 _2rdacarrier
_avolume
650 1 0 _aExhibition - leadership
942 _ddc
_cB
999 _c56842
_d56842